Netradičné formy financovania a ich využívanie v MSP diplomová práca

Gespeichert in:
Bibliographische Detailangaben
1. Verfasser: Rabčanová, Jana
Körperschaft: Fakulta podnikového manažmentu EU. Katedra podnikovohospodárska
Weitere Verfasser: Bukovová, Sylvia, 1959-
Format: Buch
Sprache:Slowakisch
Veröffentlicht: Bratislava 2013
Tags: Tag hinzufügen
Keine Tags, Fügen Sie das erste Tag hinzu!

MARC

LEADER 00000nbm a2200000 4500
001 0170724
005 20161109102406.5
041 0 |a slo 
044 |a SK 
245 1 0 |a Netradičné formy financovania a ich využívanie v MSP  |b diplomová práca  |c Jana Rabčanová ; školiteľ: Sylvia Bukovová 
264 1 |a Bratislava  |c 2013 
300 |a 94 s. 
100 1 |a Rabčanová, Jana 
700 1 |a Bukovová, Sylvia, 1959- 
710 2 |a Fakulta podnikového manažmentu EU. Katedra podnikovohospodárska